Statistics for Foreigners in Italy by Country of Birth

Click here to take the quiz!

General Stats

  • This quiz has been taken 735 times
  • The average score is 11 of 20

Answer Stats

Hint Answer % Correct
194,510China
86%
823,100Romania
81%
116,797India
80%
407,097Morocco
80%
82,066Tunisia
77%
65,985Egypt
75%
451,437Albania
75%
84,619Poland
66%
69,877Pakistan
66%
178,534Ukraine
63%
47,338Nigeria
59%
80,639Bangladesh
52%
129,015Philippines
44%
130,619Moldova
39%
72,458Senegal
38%
44,031Ghana
36%
73,407Macedonia
31%
71,203Sri lanka
28%
93,905Peru
22%
80,645Ecuador
15%

Score Distribution

Percentile by Number Answered

Percent of People with Each Score

Your Score History

You have not taken this quiz